Leaders of the Cold War #7 - Statistics

General Stats
  • This quiz has been taken 15 times
  • The average score is 6 of 16
Answer Stats
Picture Hint Answer % Correct
Vatican City John Paul II
86%
Egypt Anwar Sadat
57%
Belarus Alexander Lukashenko
50%
Monaco Grace Kelly
50%
Rhodesia Ian Smith
50%
East Germany Walter Ulbricht
50%
Cuba Fulgencio Batista
43%
Poland Lech Walesa
43%
West Germany / Germany Helmut Kohl
36%
Indonesia Sukarno
36%
Iran Ali Khamenei
29%
Saudi Arabia Faisal
21%
Hungary Matyas Rakosi
14%
Ireland Patrick Hillery
14%
South Africa P. W. Botha
14%
China Liu Shaoqi
7%
No matching quizzes found
Score Distribution
Percent of People with Each Score
Percentile by Number Answered
Your Score History
You have not taken this quiz